000 00740nam a2200241Ia 4500
005 20260430150651.0
008 008 250103s9999 xx 000 0 eng d
037 _aTheses
040 _aCRL
040 _beng
040 _ceng
041 _2eng
041 _aeng
084 _qCRL
100 _aBhatt Shruti Au.; Alo Nag Gu.; Kundu Suman Gu.
_91238154
245 0 _aPathophysiological Investigations into Sickle Cell Disease and Interventions to Improve Associated Hemorheological Abnormalities
260 _c2024
300 _a237p.
650 _aBiochemistry
700 _aUniversity of Delhi. Faculty of Inter-Disciplinary&Applied Science. Deptt. of Biochemistry
_91238155
942 _cTH
999 _c1850343
_d1850343